000 00838nam a2200205Ia 4500
001 11422
003 GE_BSU
008 181216s||||||||xx |||||||||||||| ||und||
040 _cGE_BSU
080 _a661:63(479.22)+631.86/87(479.22)
100 _aზარდალიშვილი.ო.
245 _aორგანული სასუქების წარმოება და გამოყენება საქართველოში.
245 _cრედ:ზ.ტატიშვილი.
260 _aთბილისი.
260 _bსაქართველო.
260 _c1990.
300 _a132გვ;20სმ.
653 _aორგანული სასუქების წარმოება და გამოყენება საქართველოში.
942 _cBK
999 _c44619
_d44619